|
|
|
|
| LEADER |
01294nam a2200325 a 4500 |
| 001 |
479082 |
| 008 |
100407r19921984enk b 000 1 eng d |
| 010 |
|
|
|a 84009668
|
| 020 |
|
|
|a 0192816233 (pbk.)
|
| 040 |
|
|
|a DLC
|c DLC
|d DLC
|d BD-DhAAL
|
| 082 |
0 |
0 |
|a 823/.912
|2 19
|
| 100 |
1 |
|
|a Conrad, Joseph,
|d 1857-1924.
|
| 245 |
1 |
4 |
|a The Nigger of the "Narcissus" :
|b a tale of the sea /
|c Joseph Conrad ; edited with an introduction by Jacques Berthoud.
|
| 260 |
|
|
|a Oxford [Oxfordshire] ;
|a New York :
|b Oxford University Press,
|c 1984.[Reprinted 1992]
|
| 300 |
|
|
|a xliv, 200 p. ;
|c 19 cm.
|
| 490 |
0 |
|
|a The World's classics
|
| 504 |
|
|
|a Includes Bibliography (p. [xxxi]-xxxii.)
|
| 541 |
1 |
|
|e 00014277
|
| 650 |
|
0 |
|a West Indians
|z England
|x Fiction.
|
| 650 |
|
0 |
|a Tuberculosis
|x Patients
|x Fiction.
|
| 650 |
|
0 |
|a Terminally ill
|x Fiction.
|
| 650 |
|
0 |
|a Ocean travel
|x Fiction.
|
| 650 |
|
0 |
|a Blacks
|x Fiction.
|
| 651 |
|
0 |
|a London (England)
|x Fiction.
|
| 655 |
|
7 |
|a Psychological fiction.
|2 lcsh
|
| 655 |
|
7 |
|a Sea stories.
|2 gsafd
|
| 700 |
1 |
|
|a Berthoud, Jacques A.
|
| 852 |
4 |
|
|a Ayesha Abed Library
|j General shelf
|
| 999 |
|
|
|c 8017
|d 8017
|
| 952 |
|
|
|0 0
|1 0
|2 ddc
|4 0
|6 823_912000000000000_CON_1992
|7 0
|9 9083
|a BRACUL
|b BRACUL
|c GEN
|d 2010-04-08
|l 5
|m 29
|o 823.912 CON
|p 3010014277
|r 2025-12-03
|s 2025-11-25
|t 1
|w 2010-04-08
|y BK
|